| 000 | 00856nam a2200229Ii 4500 | ||
|---|---|---|---|
| 003 | JO-AjNU | ||
| 008 | 230605s9999||||xx |||||||||||||| ||und|| | ||
| 017 | _a2014/10717 | ||
| 020 | _a978-977-473-099-3 | ||
| 040 |
_aJO-AjNU _bara _erda _cJO-AjNU |
||
| 041 | _aara | ||
| 050 | 1 | 4 | _aHD57.7 2015 |
| 100 | 3 |
_aتأليف الخازندار، جمال الدين, _eauthor _952057 |
|
| 245 | 0 | 0 | _aذكاء المشاعر: مدخل للتميز في القيادة |
| 264 | 3 | 1 | _aالقاهرة: المنظمة العربية للتنمية الادارية، 2015 |
| 300 |
_a120ص _bيحتوي على ببلوغرافية من 119-120ص |
||
| 336 |
_atext _btxt _2rdacontent |
||
| 337 |
_aunmediated _bn _2rdamedia |
||
| 338 |
_avolume _bnc _2rdacarrier |
||
| 490 | 0 | _aسلسلة بحوث ودراسات | |
| 650 | 4 |
_aالقيادة الادارية _952058 |
|
| 999 |
_aA23037 _c26605 _d26605 |
||